Narrativa y crítica en Colombia, en torno a una polémica

Gorde:
Xehetasun bibliografikoak
Egile nagusia: Gómez Buendía, Blanca Inés (Egilea)
Formatua: Liburua
Hizkuntza:gaztelania
Argitaratua: Bogotá Universidad Pedagígica Nacional 2000
Gaiak:
Etiketak: Etiketa erantsi
Etiketarik gabe, Izan zaitez lehena erregistro honi etiketa jartzen!

MARC

LEADER 00000nam a2200000 a 4500
001 UCO3929
003 CL-VaPUC
008 000728e20000000CK |||||||||||||||||spa|d
082 0 4 |a Co863.09  |b GOM  |2 21 
100 0 |a Gómez Buendía, Blanca Inés  |e author  |9 447982 
245 1 0 |a Narrativa y crítica en Colombia, en torno a una polémica 
300 |a 164 p 
942 |c BK 
945 |d 20000728 00:00:00  |a rbrito 
260 |a Bogotá  |b Universidad Pedagígica Nacional  |c 2000 
650 0 |a Novela colombiana  |9 318718 
650 0 |a Historia y crítica   |9 257407 
650 0 |a Crítica literaria   |9 269189 
651 0 |a Colombia  |9 256424 
583 |a last modification  |c 20000728 00:00:00  |k Rodrigo Vera 
999 |c 290042  |d 290040 
952 |0 0  |1 0  |4 0  |6 CO_863_090000000000000_GOM_2000  |7 0  |8 A  |9 339186  |a BIBEDU  |b BIBEDU  |d 2019-11-20  |i 3632024  |o Co863.09 GOM 2000  |p 3632024  |r 2019-11-20  |w 2019-11-20  |y BK  |k LIT 
952 |0 0  |1 0  |4 0  |6 CO_863_090000000000000_GOM_2000  |7 0  |8 A  |9 339187  |a BIBEDU  |b BIBEDU  |d 2019-11-20  |i 3636690  |o Co863.09 GOM 2000  |p 3636690  |r 2019-11-20  |w 2019-11-20  |y BK  |k LIT